Bienvenue à la Médiathèque de Saint-Andiol
banniere
Accueil Recherche avancée Mon compte
handi1 Rechercher dans le catalogue

Filtre   Mots-clés
  Recherche avancée
 
Lister les dernières nouveautés
 
Lister les livres GROS CARACTERES
 
Lister les périodiques (magazines)

handi1 Dernière ombre (La)

<< Retourner aux résultats de la recherche
Book Cover
Auteur principal : Olivier Peru
Autres auteurs : Bileau
Autres auteurs : Luca Merli
Titre : Dernière ombre (La)
Support : Livres
Langue : Francais
Series : Les Elfes blancs
Genre : Bande dessinée (ados-adultes)
Collection :
Sujets :
Étiquettes :
Pas de tags
LEADER 01121nam0a2200229 450
001 16867836
010 |a 978-2-302-04273-5  |b cart.  |d 14,5 € 
100 |a 20141016d2014 u u0frey01 ba 
101 0 |a fre 
102 |a FR 
200 0 |a Dernière ombre (La)  |f scénario Peru  |g dessin Bileau - couleur Luca Merli 
207 1 |a   
215 |a 1 vol. (56 p.)  |c illustrations en couleur  |d 33 x 24 cm 
225 1 |v 08 
330 |a Tomaison. 2ème partie de la trilogie 'Les Elfes blancs'. Fall vit retiré avec son dragon blanc, nourrissant une haine pour les hommes qui le rend agressif envers eux. Il détruit ainsi une meute de chasseurs de monstres dont le chef, Halleran, décide de se venger en ajoutant la tête du dragon blanc à son tableau de chasse. Il crée alors une nouvelle horde pour traquer Fall et sa monture. 
461 0 |t Les Elfes blancs  |v 02 
700 0 |a Peru  |b Olivier  |4 70 
701 0 |a Bileau  |4 440 
702 0 |a Merli  |b Luca  |4 410 
900 |a Bande dessinée (ados-adultes) 
901 |a Adultes 
995 |a Médiathèque  |c Médiathèque  |f 00156008755969  |h 00156008755969  |k BDJ ELF BLA 2  |o p  |q a  |r az  |e Médiathèque